On This Day: March 2nd II Quiz Stats

 Plays Quiz Updated Mar 2, 2018

Score 0/7 Timer 03:00
0 Plays Today
Question Answer Wrong Answers
This monster adventure film, noted for its stop-motion animation and a groundbreaking musical score, opens at two New York's Radio City Music Hall.
1933
King Kong
82%
Frankenstein
12.8%
Werewolf of London
3.9%
The Walking Dead
0.8%
This man is elected as the President of North Vietnam.
1946
Ho Chi Minh
79.8%
Pol Pot
8.7%
Mao Zedong
4.4%
Chiang Kai-shek
5.7%
This athlete scores 100 points in a game against the Philadelphia Warriors, setting the NBA single-game scoring record.
1962
Wilt Chamberlain
77.5%
Bill Russell
5.9%
Kareem Abdul-Jabbar
10.1%
Julius Erving
4.6%
Rhodesia declares itself a republic, breaking its last links with the ______ crown.
1970
British
75.8%
Danish
6.6%
Spanish
3.4%
Belgian
11.9%
The enactment of the Jones–Shafroth Act grants ______ United States citizenship.
1917
Puerto Ricans
59.3%
Alaskans
13.3%
Hawaiians
22.3%
Samoans
5%
Cardinal Eugenio Pacelli is elected Pope and takes the name ______.
1939
Pius XII
57.7%
John Paul II
14%
Benedict XVI
8%
Leo XIII
19.1%
Data sent from the Galileo spacecraft indicates that this moon of Jupiter has a liquid ocean under a thick crust of ice.
1998
Europa
28.9%
Ganymede
13.6%
Titan
27%
Io
28%

You're not logged in!

Compare scores with friends on all Sporcle quizzes.
OR
Log In

Sporcle TV

Today on Sporcle TV


Watch our educational content, quiz creation guides, and fun videos on Sporcle TV.

Show Comments

Extras

Top Quizzes Today


Score Distribution

Your Account Isn't Verified!

In order to create a playlist on Sporcle, you need to verify the email address you used during registration. Go to your Sporcle Settings to finish the process.

Report this User

Report this user for behavior that violates our Community Guidelines.

Details: